00716nam a2200193 a 4500020001800000082001600018100002100034245003600055260004400091300000900135500003500144505001300179650002600192700002100218942000700239952011900246952014000365999001700505 a0196940 00a103bBLA C2 aBlackburn, Simon aOxford Dictionary of Philosophy aLondon bOxford University Press c1994 a407p aincludes index and biblioraphy2 aAppendix aPhilosophy-Dictionary1 aBlackburn, Simon cBK 001040708REFaHMIbHMIcREFd2007-08-30g575.00l5o103 BLA C1p016868r2019-07-15s2019-07-11w2026-01-16yBK 00104070aHMIbHMIcGENd2018-08-21eKohinoor Book Distributorsg995.00l1o103 BLA C2p25522r2024-08-16s2024-07-26w2018-08-21yBK c11863d11863